| 000 | 01168nam a22002417a 4500 | ||
|---|---|---|---|
| 005 | 20100603112542.0 | ||
| 008 | 100603t xxu||||| |||| 00| 0 hin d | ||
| 010 | _aHIN-89477 | ||
| 020 |
_a9788180481468 _c160.00 |
||
| 035 | _aHN-61823 | ||
| 037 | _bDBAD / PUB | ||
| 040 |
_aDPL _bHN |
||
| 082 | _a821 | ||
| 100 |
_aशर्मा, मनजीत मीरा _918453 |
||
| 245 |
_aकुछ धूप चाहती हूँ: _cमनजीत शर्मा मीरा _b(काव्य संग्रह) / |
||
| 246 |
_aKuch Dhup Chhahati hu _bby Manjeet Sharma 'Mira' |
||
| 260 |
_aचण्डीगढ़ _bअरूण पब्लिशिंग हाउस _c2010 |
||
| 270 |
_a49-51, सैक्टर-17सी _bचण्डीगढ़ _e160017 _k0172 2702318 _marunpublishing@yahoo.com |
||
| 300 |
_a112पृ _c22सेमी (सजिल्द) |
||
| 650 |
_aहिन्दी कविताएँ _918454 |
||
| 942 |
_2ddc _cHN _mशर्माम _h821 |
||
| 999 |
_c36529 _d36529 |
||